[Event "Saint Chély d'Aubrac Op"]
[Site "Saint Chély d'Aubrac"]
[Date "2004.07.19"]
[Round "4.10"]
[White "Mullon, Jean-Baptiste"]
[Black "Tanguy, Fabien"]
[Result "1/2-1/2"]
[WhiteElo "2327"]
[BlackElo "2094"]
[PlyCount "126"]
[EventDate "2004.07.??"]

1. e4 Nf6 2. e5 Nd5 3. d4 d6 4. Nf3 Bf5 5. Bc4 e6 6. O-O Nc6 7. h3 dxe5 8. dxe5
Nb6 9. Bb3 Be7 10. Qe2 O-O 11. a4 Na5 12. Ba2 c5 13. Nc3 a6 14. Bf4 Nc6 15.
Rfd1 Qc7 16. Ne4 Nb4 17. Bb1 Rad8 18. Rxd8 Rxd8 19. c3 Nc6 20. Bg3 Na5 21. Nd6
Bxb1 22. Rxb1 Nxa4 23. Nd2 Nc6 24. N2e4 Nb6 25. Qh5 Rf8 26. Re1 Nd5 27. c4 Qa5
28. Rd1 Nb6 29. Nxb7 Qb4 30. Nbd6 Nxc4 31. Nxc4 Qxc4 32. Qg4 Nd4 33. Kh2 Qe2
34. Qxe2 Nxe2 35. Rd7 Nxg3 36. Kxg3 Bd8 37. Nxc5 a5 38. Rb7 h5 39. Kf3 Bg5 40.
Rb5 Bd2 41. Nb3 Rd8 42. Nxa5 Bxa5 43. Rxa5 Rb8 44. Ra2 f5 45. exf6 gxf6 46. Ke3
Kf7 47. Kd3 h4 48. Kc2 Rc8+ 49. Kb1 Rg8 50. Ra7+ Kg6 51. b4 Kf5 52. b5 Rxg2 53.
b6 Rg8 54. Ra4 Rb8 55. Rb4 Ke5 56. Kc2 Kd5 57. Kd3 Kc5 58. Rxh4 Rxb6 59. Rh8
Kd5 60. Ke3 Ke5 61. Kf3 Rb3+ 62. Kg2 Kf5 63. Rh5+ Kg6 1/2-1/2

[Event "Saint Chély d'Aubrac Op"]
[Site "Saint Chély d'Aubrac"]
[Date "2004.07.19"]
[Round "4.11"]
[White "Lombart, Philippe"]
[Black "Pucher, Olivier"]
[Result "1/2-1/2"]
[WhiteElo "2043"]
[BlackElo "2294"]
[PlyCount "67"]
[EventDate "2004.07.??"]

1. d4 Nf6 2. c4 e6 3. Nc3 Bb4 4. Qc2 c5 5. dxc5 Na6 6. g3 Nxc5 7. Bg2 O-O 8.
Bd2 d5 9. cxd5 exd5 10. a3 Bxc3 11. Bxc3 Nce4 12. Bxf6 Qxf6 13. Nf3 Bf5 14. Qb3
d4 15. O-O Rfd8 16. Rad1 Rd7 17. Qb4 Rad8 18. Nh4 h6 19. Nxf5 Qxf5 20. Bxe4
Qxe4 21. e3 f5 22. Qb3+ Kh7 23. exd4 Rxd4 24. Rde1 Qd5 25. Qxd5 R4xd5 26. Re7
R8d7 27. Rfe1 Kg8 28. R1e5 Rxe5 29. Rxd7 Rb5 30. b4 Kh7 31. Kg2 a5 32. bxa5
Rxa5 33. Rxb7 Rxa3 34. Rb6 1/2-1/2

[Event "Saint Chély d'Aubrac Op"]
[Site "Saint Chély d'Aubrac"]
[Date "2004.07.19"]
[Round "4.12"]
[White "Olivier, Pierre"]
[Black "Laine, Patrice"]
[Result "1-0"]
[WhiteElo "2224"]
[BlackElo "2070"]
[PlyCount "67"]
[EventDate "2004.07.??"]

1. Nf3 d5 2. g3 Nf6 3. Bg2 c5 4. O-O Nc6 5. d4 Bf5 6. c4 e6 7. cxd5 Nxd5 8. Nc3
Nxc3 9. bxc3 Be4 10. Qa4 Qa5 11. Qb3 Bd6 12. Be3 O-O 13. Rfd1 Rfd8 14. Bh3 Bd5
15. Qb2 Bxf3 16. exf3 cxd4 17. cxd4 b6 18. f4 Ne7 19. Qb3 Rac8 20. Bg2 Bb4 21.
Rab1 Bd6 22. Rbc1 g6 23. Rxc8 Rxc8 24. d5 exd5 25. Bxd5 Nxd5 26. Rxd5 Qe1+ 27.
Kg2 Qb4 28. Qxb4 Bxb4 29. Rd7 Rc2 30. f5 f6 31. fxg6 hxg6 32. Rxa7 Ba5 33. h4
Rxa2 34. Bxb6 1-0

[Event "Saint Chély d'Aubrac Op"]
[Site "Saint Chély d'Aubrac"]
[Date "2004.07.19"]
[Round "4.13"]
[White "Strohmann, Matthieu"]
[Black "Hassler, Franck"]
[Result "0-1"]
[WhiteElo "2000"]
[BlackElo "2198"]
[PlyCount "64"]
[EventDate "2004.07.??"]

1. e4 c5 2. Nf3 d6 3. d4 cxd4 4. Nxd4 Nf6 5. Nc3 a6 6. Bg5 e6 7. f4 Be7 8. Qf3
O-O 9. Bc4 Qc7 10. Bb3 Nc6 11. O-O-O Na5 12. g4 Nxb3+ 13. axb3 b5 14. Bxf6 Bxf6
15. g5 Be7 16. Rhg1 b4 17. Nce2 Re8 18. Rg4 Bb7 19. Rh4 g6 20. Qh3 h5 21. Ng3
Bf8 22. f5 exf5 23. exf5 Re3 24. f6 Qc5 25. Rxh5 gxh5 26. Qxh5 Be4 27. Qg4 Bg6
28. h4 Rc8 29. Ngf5 Bxf5 30. Qxf5 Qxf5 31. Nxf5 Re2 32. Nd4 Rh2 0-1

[Event "Saint Chély d'Aubrac Op"]
[Site "Saint Chély d'Aubrac"]
[Date "2004.07.19"]
[Round "4.14"]
[White "Riff, Sebastien"]
[Black "Tholey, Jean-Paul"]
[Result "1-0"]
[WhiteElo "2196"]
[BlackElo "2057"]
[PlyCount "81"]
[EventDate "2004.07.??"]

1. e4 e6 2. d4 d5 3. Nd2 c5 4. exd5 Qxd5 5. Ngf3 cxd4 6. Bc4 Qd6 7. O-O Nf6 8.
Nb3 Nc6 9. Nbxd4 Nxd4 10. Qxd4 Qxd4 11. Nxd4 a6 12. Bf4 Be7 13. Rfe1 O-O 14. c3
Bd7 15. Rad1 Rac8 16. Bb3 Rfe8 17. h3 Nd5 18. Nf5 Nxf4 19. Rxd7 Bf8 20. Ne3 b5
21. Red1 Re7 22. a4 Rxd7 23. Rxd7 bxa4 24. Bxa4 Bc5 25. Nc4 Nd5 26. Rb7 g6 27.
Ne5 Rc7 28. Rb8+ Kg7 29. Nd3 Ba7 30. Rd8 Nf6 31. Rd6 a5 32. Ra6 Bb8 33. Rxa5
Ra7 34. Rb5 Rxa4 35. Rxb8 Ra1+ 36. Kh2 Ne4 37. f3 Nd2 38. Kg3 h5 39. Ne5 f6 40.
Rb7+ Kh6 41. Nf7+ 1-0

[Event "Saint Chély d'Aubrac Op"]
[Site "Saint Chély d'Aubrac"]
[Date "2004.07.19"]
[Round "4.15"]
[White "Milanovic, Dino"]
[Black "Corke, Anya"]
[Result "1-0"]
[WhiteElo "2149"]
[BlackElo "2042"]
[PlyCount "131"]
[EventDate "2004.07.??"]

1. e4 c5 2. Nf3 Nc6 3. d4 cxd4 4. Nxd4 Qc7 5. Nc3 e6 6. Be3 a6 7. Be2 Nf6 8.
O-O Bb4 9. Na4 O-O 10. Nxc6 bxc6 11. Nb6 Rb8 12. Nxc8 Rfxc8 13. Bxa6 Rf8 14.
Bd3 Bd6 15. f4 e5 16. f5 Rxb2 17. g4 Rb4 18. Qf3 Re8 19. g5 Nd5 20. g6 Nf6 21.
gxf7+ Kxf7 22. Rf2 Be7 23. c3 Ra4 24. Bc2 Ra5 25. Bb3+ d5 26. Rd2 Rd8 27. Bg5
Nxe4 28. Qxe4 Bxg5 29. Rg2 Bf6 30. Qg4 Rb8 31. Rd1 Rc5 32. c4 d4 33. Kh1 Kg8
34. Rdg1 Qe7 35. Qe4 Rd8 36. Bc2 Kh8 37. Bd3 Rb8 38. h4 Qd7 39. h5 h6 40. Rg6
Ra5 41. Qg2 Raa8 42. Be4 Rc8 43. Rxf6 gxf6 44. Qg6 Rf8 45. Qxh6+ Qh7 46. Qg6
Rxa2 47. h6 Ra7 48. Bxc6 d3 49. Bd5 d2 50. Rd1 Ra3 51. Rxd2 Rh3+ 52. Rh2 Rd3
53. Rg2 Rh3+ 54. Rh2 Rxh2+ 55. Kxh2 Qe7 56. Kg3 Rc8 57. Bf7 Qf8 58. Qxf6+ Kh7
59. Bg6+ Kxh6 60. Bf7+ Kh7 61. Qg6+ Kh8 62. f6 Qg8 63. Bxg8 Rxg8 64. Qxg8+ Kxg8
65. c5 Kf7 66. c6 1-0

[Event "Saint Chély d'Aubrac Op"]
[Site "Saint Chély d'Aubrac"]
[Date "2004.07.19"]
[Round "4.16"]
[White "Giraud, Sylvain"]
[Black "Uhoda, Philippe"]
[Result "0-1"]
[WhiteElo "1850"]
[BlackElo "2140"]
[PlyCount "104"]
[EventDate "2004.07.??"]

1. e4 d6 2. d4 Nf6 3. Nc3 g6 4. f3 c6 5. Be3 b5 6. Qd2 Bg7 7. Bh6 Bxh6 8. Qxh6
Nbd7 9. Bd3 e5 10. d5 cxd5 11. Nxd5 Nxd5 12. exd5 Qa5+ 13. c3 Nc5 14. Be4 b4
15. Ne2 Ba6 16. Qd2 bxc3 17. Qxc3 Qxc3+ 18. Nxc3 f5 19. Bc2 Rb8 20. Rb1 Ke7 21.
b4 Nd7 22. Ba4 Bd3 23. Rb2 Nb6 24. Bb3 Rhc8 25. Kd2 Bc4 26. Rc1 Bxb3 27. axb3
a5 28. b5 Rc5 29. Ra2 Nxd5 30. Rxa5 Nxc3 31. Rxc3 Rcxb5 32. Ra7+ Ke6 33. Kc2
R8b7 34. Ra6 R5b6 35. Ra8 h5 36. Rg8 Kf6 37. Rf8+ Kg5 38. g3 h4 39. Rd3 hxg3
40. hxg3 Rc7+ 41. Kb2 Rh7 42. Rg8 Rh2+ 43. Kc3 Rg2 44. Kc4 Rxg3 45. Kd5 e4 46.
f4+ Kxf4 47. Rxg3 Kxg3 48. Rxg6+ Kf4 49. b4 e3 50. Re6 Rxb4 51. Rxd6 e2 52. Re6
Re4 0-1

[Event "Saint Chély d'Aubrac Op"]
[Site "Saint Chély d'Aubrac"]
[Date "2004.07.19"]
[Round "4.17"]
[White "Pucher, Sebastien"]
[Black "Tatinian, William"]
[Result "1-0"]
[WhiteElo "2135"]
[BlackElo "1860"]
[PlyCount "79"]
[EventDate "2004.07.??"]

1. e4 e6 2. d4 d5 3. Nd2 dxe4 4. Nxe4 Nd7 5. Nf3 Ngf6 6. Bg5 Be7 7. Bxf6 Nxf6
8. Bd3 O-O 9. O-O Bd7 10. Ne5 h6 11. Qf3 Bc6 12. Nxc6 bxc6 13. c3 Rb8 14. b4
Qd7 15. Bc2 a5 16. a3 Rb5 17. Rfd1 Rfb8 18. Nd2 Qd5 19. Qd3 Qf5 20. Qxf5 exf5
21. Ba4 R5b6 22. Nc4 Ra6 23. Nxa5 c5 24. Nc6 Re8 25. Bb5 Rb6 26. Na7 Ra8 27.
dxc5 Rb7 28. Nc6 Bxc5 29. Nd4 Bxd4 30. Bc6 Bxc3 31. Bxb7 Rb8 32. Rac1 Bb2 33.
Rxc7 Bxa3 34. b5 Kf8 35. Rc8+ Rxc8 36. Bxc8 Ne4 37. b6 Bc5 38. b7 Bxf2+ 39. Kf1
Ba7 40. Ra1 1-0

[Event "Saint Chély d'Aubrac Op"]
[Site "Saint Chély d'Aubrac"]
[Date "2004.07.19"]
[Round "4.18"]
[White "Joli, Laurent"]
[Black "Lagunes, Jean-Renaud"]
[Result "1/2-1/2"]
[WhiteElo "1780"]
[BlackElo "2117"]
[PlyCount "93"]
[EventDate "2004.07.??"]

1. d4 d5 2. c4 Nc6 3. e3 e5 4. dxe5 d4 5. exd4 Qxd4 6. Qxd4 Nxd4 7. Bd3 Bg4 8.
f3 Bh5 9. Ne2 O-O-O 10. Nxd4 Rxd4 11. Ke2 Ne7 12. Be3 Rd8 13. Rd1 Kb8 14. Nc3
Nc6 15. g4 Bg6 16. f4 Bxd3+ 17. Rxd3 Rxd3 18. Kxd3 g5 19. Ke4 gxf4 20. Bxf4 Bg7
21. Re1 Bxe5 22. Bxe5 Nxe5 23. b3 Nxc4 24. Kf4 Nd6 25. Re5 Kc8 26. Nd5 Kd8 27.
Nf6 h6 28. h4 {(=)} 28... c6 29. Rh5 Ne8 30. g5 hxg5+ 31. Kxg5 Rxh5+ 32. Nxh5
Ke7 33. Kf5 c5 34. Nf4 b5 35. Nd5+ Kd6 36. Ne3 a5 37. Kg5 Ke7 38. Nd5+ Kf8 39.
Nb6 Kg7 40. a4 f6+ 41. Kf4 c4 42. bxc4 bxa4 43. Nxa4 Kg6 44. c5 Ng7 45. c6 Ne6+
46. Ke4 Nc7 47. Nc3 1/2-1/2

[Event "Saint Chély d'Aubrac Op"]
[Site "Saint Chély d'Aubrac"]
[Date "2004.07.19"]
[Round "4.19"]
[White "Duffau, Pascal"]
[Black "Baudry, Alain"]
[Result "1-0"]
[WhiteElo "2081"]
[BlackElo "1710"]
[PlyCount "65"]
[EventDate "2004.07.??"]

1. Nf3 d5 2. c4 d4 3. e3 c5 4. exd4 cxd4 5. g3 Nc6 6. Bg2 e5 7. d3 Bd6 8. O-O
Bg4 9. h3 Bh5 10. Na3 a6 11. Nc2 f5 12. Qe1 Qe7 13. Bg5 Nf6 14. Nh4 Qe6 15.
Bxc6+ bxc6 16. Nxd4 Qd7 17. Ndxf5 O-O 18. Nxd6 Qxd6 19. Qc3 h6 20. Be3 g5 21.
Nf5 Qe6 22. Nxh6+ Kh7 23. Bxg5 Qxh3 24. Qxe5 Bf3 25. Qf5+ Qxf5 26. Nxf5 Kg6 27.
Nh4+ Kxg5 28. Nxf3+ Kf5 29. Nd4+ Kg4 30. Nxc6 Rh8 31. Kg2 Rac8 32. Ne5+ Kf5 33.
Nf7 1-0

[Event "Saint Chély d'Aubrac Op"]
[Site "Saint Chély d'Aubrac"]
[Date "2004.07.19"]
[Round "4.20"]
[White "Rabier, Jean"]
[Black "Baeumlin, Francois"]
[Result "1-0"]
[WhiteElo "1870"]
[BlackElo "2010"]
[PlyCount "46"]
[EventDate "2004.07.??"]

1. e4 c5 2. Nf3 Nc6 3. Bb5 g6 4. O-O Bg7 5. c3 e6 6. d4 cxd4 7. cxd4 d5 8. exd5
exd5 9. Re1+ Nge7 10. Bxc6+ bxc6 11. Bg5 f6 12. Qc1 O-O 13. Bf4 Re8 14. h3 Ba6
15. Nc3 Kf7 16. Na4 Bf8 17. Nc5 Bc8 18. g4 g5 19. Bxg5 fxg5 20. Nxg5+ Kg8 21.
Qf4 Nf5 22. gxf5 Bd6 23. Rxe8+ Qxe8 1-0

[Event "Saint Chély d'Aubrac Op"]
[Site "Saint Chély d'Aubrac"]
[Date "2004.07.19"]
[Round "4.21"]
[White "De Lagontrie, Jean"]
[Black "Mathis, Julien"]
[Result "1-0"]
[WhiteElo "1968"]
[BlackElo "1780"]
[PlyCount "67"]
[EventDate "2004.07.??"]

1. d4 Nf6 2. c4 e6 3. Nc3 Bb4 4. e3 O-O 5. Nge2 d5 6. a3 Be7 7. cxd5 exd5 8. b4
Bd7 9. Ng3 c6 10. Bd3 Ne8 11. O-O Nd6 12. Qb3 Na6 13. a4 Nc7 14. b5 f5 15. Ba3
Ne4 16. Ngxe4 Bxa3 17. Rxa3 fxe4 18. Bxe4 Kh8 19. Bd3 Qg5 20. Ne2 h5 21. Kh1
Rf6 {(=)} 22. Raa1 Raf8 23. f4 Qh6 24. bxc6 Bxc6 25. Bb5 Re8 26. Bxc6 bxc6 27.
Ng1 g5 28. fxg5 Qxg5 29. Rxf6 Qxf6 30. Nf3 h4 31. h3 Rg8 32. Qc2 Qh6 33. Qf2
Rg3 34. Rb1 1-0

[Event "Saint Chély d'Aubrac Op"]
[Site "Saint Chély d'Aubrac"]
[Date "2004.07.19"]
[Round "4.22"]
[White "Lengert, Martin"]
[Black "Prie, Eric"]
[Result "0-1"]
[WhiteElo "1810"]
[BlackElo "2441"]
[PlyCount "62"]
[EventDate "2004.07.??"]

1. d4 d5 2. c4 c6 3. Nc3 Nf6 4. Nf3 a6 5. c5 Nbd7 6. Bf4 Nh5 7. Bd2 Nhf6 8. Bf4
Nh5 9. Bd2 g6 10. e3 Bg7 11. Be2 Nhf6 12. O-O O-O 13. h3 Re8 14. Re1 e5 15.
dxe5 Ne4 16. b4 Nxe5 17. Rc1 Nxf3+ 18. Bxf3 Qg5 19. Kf1 Bf5 20. Ne2 Rad8 21.
Rc2 Qh4 22. Bxe4 Bxe4 23. Rc1 Bb2 24. Ng3 Bxc1 25. Bxc1 d4 26. exd4 Bd5 27.
Rxe8+ Rxe8 28. Qd2 Qe7 29. a3 h5 30. f3 h4 31. Nh1 Bc4+ 0-1

[Event "Saint Chély d'Aubrac Op"]
[Site "Saint Chély d'Aubrac"]
[Date "2004.07.19"]
[Round "4.23"]
[White "Croux, Laurent"]
[Black "Coste, Thierry"]
[Result "0-1"]
[WhiteElo "1770"]
[BlackElo "2149"]
[PlyCount "52"]
[EventDate "2004.07.??"]

1. e4 c5 2. d4 cxd4 3. c3 dxc3 4. Nxc3 Nc6 5. Nf3 e6 6. Bc4 Qc7 7. O-O Nf6 8.
Re1 Bb4 9. Bg5 Bxc3 10. bxc3 Ng4 11. g3 f6 12. Bf4 Nge5 13. Nxe5 Nxe5 14. Bb3
O-O 15. g4 b6 16. Re3 Bb7 17. Qd4 g5 18. Bg3 Rac8 19. Rd1 Rf7 20. h3 Qc5 21.
Qa4 Bc6 22. Qa6 Bb5 23. Qb7 d5 24. Rxd5 Rxb7 25. Rxc5 Rxc5 26. Bxe6+ Kg7 0-1

[Event "Saint Chély d'Aubrac Op"]
[Site "Saint Chély d'Aubrac"]
[Date "2004.07.19"]
[Round "4.24"]
[White "Deiller, Pascal"]
[Black "Richard, Emma"]
[Result "1-0"]
[WhiteElo "2123"]
[BlackElo "1810"]
[PlyCount "57"]
[EventDate "2004.07.??"]

1. d4 d5 2. Nc3 Nf6 3. Bg5 e6 4. e4 Be7 5. e5 Nfd7 6. h4 c5 7. Bxe7 Qxe7 8. Nb5
Nb6 9. Nd6+ Kf8 10. dxc5 N6d7 11. Nxc8 Qd8 12. Nd6 Qc7 13. Nf3 Qxc5 14. Qd4
Qa5+ 15. b4 Qc7 16. Bb5 a6 17. Bxd7 Nxd7 18. Ng5 Ke7 19. Ngxf7 Rhf8 20. Ng5
Qxc2 21. O-O h6 22. Rac1 Qg6 23. Nh3 Qh5 24. Rc7 g5 25. Qc5 Kd8 26. Nxb7+ Ke8
27. Rxd7 Kxd7 28. Qd6+ Ke8 29. Qxe6# 1-0

[Event "Saint Chély d'Aubrac Op"]
[Site "Saint Chély d'Aubrac"]
[Date "2004.07.19"]
[Round "4.25"]
[White "Lagunes, Matthieu"]
[Black "Capron, Daniel"]
[Result "1/2-1/2"]
[WhiteElo "1730"]
[BlackElo "2105"]
[PlyCount "54"]
[EventDate "2004.07.??"]

1. e4 d5 2. exd5 Qxd5 3. Nc3 Qa5 4. b4 Qxb4 5. Rb1 Qd6 6. Nf3 a6 7. Bc4 Nf6 8.
O-O Nc6 9. Re1 b5 10. Bb3 e6 11. Bb2 Be7 12. d4 Bb7 13. d5 Na5 14. dxe6 Nxb3
15. exf7+ Kf8 16. cxb3 Qxd1 17. Rbxd1 Bxf3 18. gxf3 Kxf7 19. Ne4 Bb4 20. Bxf6
Bxe1 21. Rd7+ Ke6 22. Re7+ Kf5 23. Re5+ Kf4 24. Ng3 Kxf3 25. Rf5+ Kg4 26. Rg5+
Kf3 27. Rf5+ Kg4 1/2-1/2

[Event "Saint Chély d'Aubrac Op"]
[Site "Saint Chély d'Aubrac"]
[Date "2004.07.19"]
[Round "4.26"]
[White "Labarthe, Arnaud"]
[Black "Lassis, Patrick"]
[Result "1-0"]
[WhiteElo "2028"]
[BlackElo "1750"]
[PlyCount "59"]
[EventDate "2004.07.??"]

1. d4 Nf6 2. c4 e6 3. Nc3 Bb4 4. Nf3 O-O 5. Bg5 h6 6. Bh4 g5 7. Bg3 Bxc3+ 8.
bxc3 Ne4 9. e3 c5 10. Qc2 f5 11. Bd3 Nxg3 12. hxg3 Qf6 13. Ke2 b6 14. Rh5 Kg7
15. Rah1 Kf7 (15... Rh8 16. Nxg5) 16. Rxh6 Qd8 17. Bxf5 exf5 18. Qxf5+ Ke8 19.
Rh8 (19. Qg6+ Rf7 20. Rh8+ Ke7 21. Qxg5+ Kd6 22. Qxd8) 19... Qe7 20. Rxf8+ Qxf8
21. Qe5+ Kd8 22. Rh8 Qxh8 23. Qxh8+ Kc7 24. Nxg5 Nc6 25. d5 Bb7 26. Qf6 Na5 27.
Qe5+ d6 28. Qe7+ Kb8 29. Qxd6+ Kc8 30. Ne6 1-0

[Event "Saint Chély d'Aubrac Op"]
[Site "Saint Chély d'Aubrac"]
[Date "2004.07.20"]
[Round "4.27"]
[White "Paci, Romain"]
[Black "Nass, Emile"]
[Result "0-1"]
[WhiteElo "1700"]
[BlackElo "2008"]
[PlyCount "110"]
[EventDate "2004.07.??"]

1. e4 e6 2. d4 d5 3. Nd2 Be7 4. Bd3 c5 5. c3 Nc6 6. Ne2 cxd4 7. cxd4 dxe4 8.
Nxe4 Nf6 9. Nxf6+ Bxf6 10. Be3 O-O 11. O-O Qd6 12. a3 Rd8 13. Qc2 g6 14. Rfd1
b6 15. Rac1 Bb7 16. Be4 Rac8 17. Qa4 a6 18. Bxc6 Rxc6 19. Rxc6 Qxc6 20. Qxc6
Bxc6 21. b4 Kf8 22. Rc1 Bb5 23. Nc3 Bxd4 24. Bxd4 Rxd4 25. Nxb5 axb5 26. Kf1
Rd6 27. Ke2 Ke7 28. Rc7+ Rd7 29. Rc6 Rb7 30. Rc3 e5 31. Ke3 Ke6 32. Rc6+ {(=)}
32... Kd5 33. Rc8 f5 34. f3 Rd7 35. Kd3 Ra7 36. Rc3 e4+ 37. fxe4+ fxe4+ 38. Ke3
Ke5 39. h3 Kd5 40. Ke2 Kd4 41. Kd2 Ra8 42. h4 Rf8 43. Rc7 Rf2+ 44. Ke1 Ke3 45.
Rc3+ Kd4 46. Rg3 Ra2 47. Rb3 Rxg2 48. h5 e3 49. hxg6 hxg6 50. Kf1 Rc2 51. Ke1
g5 52. Rb1 g4 53. Rd1+ Rd2 54. Rxd2+ exd2+ 55. Kxd2 g3 0-1

[Event "Saint Chély d'Aubrac Op"]
[Site "Saint Chély d'Aubrac"]
[Date "2004.07.19"]
[Round "4.28"]
[White "De Biasi, Robert"]
[Black "Sivan, Michel"]
[Result "0-1"]
[WhiteElo "1690"]
[BlackElo "1984"]
[PlyCount "54"]
[EventDate "2004.07.??"]

1. c4 c5 2. Nf3 Nc6 3. g3 g6 4. Nc3 Bg7 5. Bg2 Nf6 6. O-O O-O 7. b3 d5 8. cxd5
Nxd5 9. Bb2 Nxc3 10. Bxc3 e5 11. d3 e4 12. Bxg7 exf3 13. Bxf3 Kxg7 14. Qc2 Nd4
15. Qxc5 Nxf3+ 16. exf3 Qxd3 17. Qe5+ Kg8 18. Rfe1 Qxf3 19. Re3 Qf5 20. Qc3 Be6
21. Rae1 Rac8 22. Qa1 Rc2 23. f4 Qd5 24. R1e2 Rxe2 25. Rxe2 Qc5+ 26. Rf2 Bh3
27. Qe1 Rd8 0-1

[Event "Saint Chély d'Aubrac Op"]
[Site "Saint Chély d'Aubrac"]
[Date "2004.07.19"]
[Round "4.29"]
[White "Moutaux, Robert"]
[Black "Tabaroni, Serge"]
[Result "1-0"]
[WhiteElo "1957"]
[BlackElo "1650"]
[PlyCount "87"]
[EventDate "2004.07.??"]

1. d4 Nf6 2. Nf3 g6 3. g3 Bg7 4. Bg2 O-O 5. O-O d6 6. c4 Nc6 7. Nc3 Rb8 8. h3
Bd7 9. Be3 b6 10. d5 Na5 11. Nd2 Ne8 12. Rc1 Nb7 13. b4 a5 14. a3 axb4 15. axb4
Ra8 16. Qb3 Ra6 17. Ra1 Qa8 18. Rxa6 Qxa6 19. Rc1 Qa8 20. Kh2 Nf6 21. Rc2 Nh5
22. Ra2 Qb8 23. Nf3 f5 24. Bd4 Bh6 25. e4 g5 26. exf5 Nf6 27. g4 Bg7 28. Nxg5
Nxg4+ 29. hxg4 Bxd4 30. Ne2 Be5+ 31. f4 Bg7 32. Qh3 h6 33. Ne6 Bxe6 34. dxe6
Kh7 35. Qf3 Na5 36. bxa5 bxa5 37. Qd3 Rf6 38. g5 hxg5 39. fxg5 Rf8 40. f6+ Kg8
41. f7+ Rxf7 42. exf7+ Kxf7 43. Bd5+ e6 44. Qf5+ 1-0

[Event "Saint Chély d'Aubrac Op"]
[Site "Saint Chély d'Aubrac"]
[Date "2004.07.19"]
[Round "4.30"]
[White "Chokbengboun, Thomas"]
[Black "Rivier, Sylvain"]
[Result "1-0"]
[WhiteElo "1900"]
[BlackElo "1460"]
[PlyCount "55"]
[EventDate "2004.07.??"]

1. c4 e5 2. Nc3 Nf6 3. Nf3 d6 4. g3 Nc6 5. d4 exd4 6. Nxd4 Nxd4 7. Qxd4 Be7 8.
Bg2 c6 9. O-O O-O 10. b3 Ne8 11. Bb2 Bf6 12. Qd2 Nc7 13. Rad1 Ne8 14. Rfe1 Bf5
15. e4 Bg4 16. f3 Be6 17. Na4 Bxb2 18. Qxb2 Qc7 19. Qd4 b6 20. Nc3 Rd8 21. e5
Bf5 22. f4 Bg4 23. Rd2 f5 24. b4 Qe7 25. Bxc6 Bh5 26. Nd5 Qe6 27. Nxb6 axb6 28.
Bd5 1-0

[Event "Saint Chély d'Aubrac Op"]
[Site "Saint Chély d'Aubrac"]
[Date "2004.07.19"]
[Round "4.31"]
[White "Lengert, Vincent"]
[Black "Guidez, Thomas"]
[Result "0-1"]
[WhiteElo "1690"]
[BlackElo "1892"]
[PlyCount "32"]
[EventDate "2004.07.??"]

1. e4 e6 2. Nf3 d5 3. exd5 exd5 4. c4 Be6 5. cxd5 Bxd5 6. Nc3 Nc6 7. Bb5 Bc5 8.
O-O Nge7 9. d4 Bb6 10. Re1 Bxf3 11. Qxf3 O-O 12. Bxc6 Nxc6 13. d5 Nd4 14. Qd3
g6 15. Ne4 f5 16. Bg5 fxe4 0-1

[Event "Saint Chély d'Aubrac Op"]
[Site "Saint Chély d'Aubrac"]
[Date "2004.07.19"]
[Round "4.32"]
[White "Wavresky, Andre"]
[Black "Sidibe, Malika"]
[Result "0-1"]
[WhiteElo "1640"]
[BlackElo "1820"]
[PlyCount "24"]
[EventDate "2004.07.??"]

1. e4 c5 2. c3 d5 3. exd5 Qxd5 4. d4 cxd4 5. Nf3 Nc6 6. Be2 e5 7. cxd4 e4 8.
Ne5 Nxe5 9. dxe5 Qxe5 10. O-O Nf6 11. Nc3 Bd6 12. h3 Qh2# 0-1

[Event "Saint Chély d'Aubrac Op"]
[Site "Saint Chély d'Aubrac"]
[Date "2004.07.19"]
[Round "4.33"]
[White "Alexiev, Ivan"]
[Black "Dury, Renaud"]
[Result "1-0"]
[WhiteElo "1499"]
[BlackElo "1690"]
[PlyCount "23"]
[EventDate "2004.07.??"]

1. d4 d5 2. Nf3 Nf6 3. Bg5 Nbd7 4. Nbd2 e6 5. e3 b6 6. Bd3 Bb7 7. c3 c5 8. Qa4
Be7 9. O-O O-O 10. Ne5 Nxe5 11. dxe5 Nd7 12. Qh4 1-0

[Event "Saint Chély d'Aubrac Op"]
[Site "Saint Chély d'Aubrac"]
[Date "2004.07.19"]
[Round "4.34"]
[White "Desboeufs, Alexandre"]
[Black "Landwerlin, Pascal"]
[Result "1-0"]
[WhiteElo "2010"]
[BlackElo "1499"]
[PlyCount "53"]
[EventDate "2004.07.??"]

1. e4 c6 2. d4 d5 3. Nc3 dxe4 4. Nxe4 Nd7 5. Nf3 Ngf6 6. Nxf6+ Nxf6 7. Bc4 e6
8. Bg5 Be7 9. c3 Qc7 10. O-O b5 11. Bd3 Bb7 12. Qc2 h6 13. Bh4 Bd6 14. a4 a6
15. Rfe1 g5 16. Bg3 Bxg3 17. fxg3 O-O-O 18. Ne5 Nd5 19. Be4 f6 20. Nd3 h5 21.
Nc5 Qd6 22. Nxe6 Rde8 23. Nc5 Ne7 24. axb5 Rhf8 25. Nxb7 Kxb7 26. bxc6+ Ka7 27.
Qa4 1-0

[Event "Saint Chély d'Aubrac Op"]
[Site "Saint Chély d'Aubrac"]
[Date "2004.07.19"]
[Round "4.36"]
[White "Carabetta, Gaetan"]
[Black "Pierre, Alexis"]
[Result "0-1"]
[WhiteElo "1300"]
[BlackElo "1580"]
[PlyCount "36"]
[EventDate "2004.07.??"]

1. d4 d5 2. c4 c6 3. Nc3 Nf6 4. Bg5 dxc4 5. e3 b5 6. a4 a6 7. axb5 cxb5 8. Nxb5
Bb7 9. Nc3 Nbd7 10. Bxc4 Bxg2 11. Nf3 Bxh1 12. Bxa6 Qb6 13. Bxf6 gxf6 14. Bb5
Rxa1 15. Qxa1 Bxf3 16. Kd2 Bh6 17. Kd3 Qb7 18. Qa2 Kf8 0-1

[Event "Saint Chély d'Aubrac Op"]
[Site "Saint Chély d'Aubrac"]
[Date "2004.07.19"]
[Round "4.37"]
[White "Ruetsch, Johan"]
[Black "Gazel, Bruno"]
[Result "0-1"]
[WhiteElo "1430"]
[BlackElo "1520"]
[PlyCount "70"]
[EventDate "2004.07.??"]

1. e4 e5 2. Nf3 Nc6 3. Nc3 Nf6 4. Bb5 Bb4 5. d3 Nd4 6. O-O Bxc3 7. Nxd4 Bxd4 8.
Qf3 O-O 9. Qg3 Kh8 10. c3 Bb6 11. Ba4 d6 12. Bd1 Be6 13. Bf3 Qd7 14. Be3 Bg4
15. h3 Bxf3 16. Qxf3 Bxe3 17. Qxe3 Rfe8 18. d4 exd4 19. Qxd4 Rxe4 20. Qd3 Rae8
21. f3 Re3 22. Qc4 d5 23. Qd4 b6 24. Qf4 Qe7 25. a3 a5 26. Qh4 Qe5 27. Kh1 Qe7
28. Rac1 Kg8 29. c4 h6 30. Qd4 c5 31. Qd2 d4 32. Kg1 Re2 33. Qf4 Nh5 34. Qg4
Qe3+ 35. Kh1 Nf4 0-1

[Event "Saint Chély d'Aubrac Op"]
[Site "Saint Chély d'Aubrac"]
[Date "2004.07.19"]
[Round "4.38"]
[White "Bou, Georges"]
[Black "Capron, Michel"]
[Result "0-1"]
[WhiteElo "1570"]
[BlackElo "1400"]
[PlyCount "66"]
[EventDate "2004.07.??"]

1. e4 e5 2. Nf3 Nc6 3. Bc4 Bc5 4. c3 Qf6 5. d3 h6 6. O-O d6 7. Nbd2 Qg6 8. Nh4
Qg4 9. Qxg4 Bxg4 10. b4 Bb6 11. a4 a6 12. Bb2 Nce7 13. a5 Ba7 14. d4 Nf6 15. h3
Bd7 16. dxe5 dxe5 17. Nhf3 Bc6 18. Nxe5 O-O-O 19. Rad1 Rhf8 20. Nxf7 Rde8 21.
Be6+ Bd7 22. Bc4 Ng6 23. Nxh6 gxh6 24. Bd3 Ne5 25. Bc2 Bb5 26. Rfe1 Nh5 27. Nf3
Nxf3+ 28. gxf3 Rxf3 29. Rd2 Rg8+ 30. Kh2 Rxf2+ 31. Rxf2 Bxf2 32. Rh1 Nf4 33.
Rb1 Rg3 0-1

[Event "Saint Chély d'Aubrac Op"]
[Site "Saint Chély d'Aubrac"]
[Date "2004.07.20"]
[Round "5.1"]
[White "Sokolov, Andrei"]
[Black "Apicella, Manuel"]
[Result "1/2-1/2"]
[WhiteElo "2583"]
[BlackElo "2532"]
[PlyCount "75"]
[EventDate "2004.07.??"]

1. e4 e6 2. d4 d5 3. Nc3 Bb4 4. e5 Ne7 5. a3 Bxc3+ 6. bxc3 c5 7. Qg4 O-O 8. Bd3
Nbc6 9. Qh5 Ng6 10. Nf3 Qc7 11. Be3 c4 12. Bxg6 fxg6 13. Qg4 Qf7 14. Ng5 Qe8
15. h4 h6 16. Nh3 Bd7 17. Qe2 b5 18. h5 gxh5 19. Nf4 Rxf4 20. Bxf4 Qf7 21. Be3
Be8 22. g4 hxg4 23. Qxg4 Qg6 24. Qh3 Ne7 25. Kd2 Qf5 26. Qh4 Bg6 27. Rac1 Kf7
28. Rhg1 Qh5 29. Qxh5 Bxh5 30. a4 a6 31. axb5 axb5 32. Ra1 Rxa1 33. Rxa1 Nf5
34. Ra7+ Kg6 35. Ra6 Kf7 36. Ra7+ Kg6 37. Ra6 Kf7 38. Ra7+ 1/2-1/2